000 00681cab a2200217 4500
001 ABS45965
008 090401t1992 xxu||||| |||| 00| 0 eng d
035 _a(Sirsi) u56091
041 _aeng
100 _aMynors, C.
245 _aPlanning procedures: all change?
260 _c1992
350 _a0
490 _aSolicitors` Journal
_v136(6) 14 February 1992, 137-138(2)
520 _aLooks at the new procedures relating to planning obligations and enforcement under the Planning and Compensation Act 1991.
650 _aPLANNING AGREEMENTS
650 _aPLANNING AND COMPENSATION ACT 1991
690 _aPLANNING LAW AND PRACTICE
942 _n0
948 _c04/03/1997
999 _c34234
_d34234